[Event "Mediterranean-ch 13th"]
[Site "Platja d'Aro"]
[Date "2023.11.09"]
[Round "7"]
[White "Vidal Palou, Jordi"]
[Black "Parramon Arimany, Marc"]
[Result "0-1"]
[WhiteElo "1620"]
[BlackElo "1834"]
[PlyCount "34"]
[EventDate "2023.11.04"]
[EventType "swiss"]
[EventRounds "9"]
[EventCountry "ESP"]
[SourceTitle "CB46_2023"]
[SourceDate "2023.11.15"]
[SourceVersion "1"]
[SourceVersionDate "2023.11.15"]
[SourceQuality "1"]

1. d4 d5 2. Bf4 Nf6 3. e3 c5 4. c3 Nc6 5. Bd3 e6 6. Nf3 Bd6 7. Bg3 0-0 8. Nbd2 Re8 9. Ne5 Bxe5 10. dxe5 Nd7 11. Nf3 f6 12. Nh4 Ndxe5 13. Bc2 Bd7 14. f4 Nc4 15. Bxh7+ Kxh7 16. Qh5+ Kg8 17. Qf7+ Kxf7 0-1

[Event "Mediterranean-ch 13th"]
[Site "Platja d'Aro"]
[Date "2023.11.07"]
[Round "5"]
[White "Vidal Palou, Jordi"]
[Black "Hernando Rodrigo, Inmaculada"]
[Result "1-0"]
[WhiteElo "1620"]
[BlackElo "1730"]
[PlyCount "99"]
[EventDate "2023.11.04"]
[EventType "swiss"]
[EventRounds "9"]
[EventCountry "ESP"]
[SourceTitle "CB46_2023"]
[SourceDate "2023.11.15"]
[SourceVersion "1"]
[SourceVersionDate "2023.11.15"]
[SourceQuality "1"]

1. d4 Nf6 2. Bf4 d6 3. e3 Bf5 4. Bd3 Bxd3 5. Qxd3 Nbd7 6. Nf3 c5 7. c3 g6 8. Nbd2 Bg7 9. h3 0-0 10. Ne4 Nxe4 11. Qxe4 b5 12. 0-0 a5 13. dxc5 Nxc5 14. Qd5 b4 15. Rac1 bxc3 16. bxc3 Rb8 17. e4 Na4 18. e5 dxe5 19. Qxd8 Rfxd8 20. Bxe5 Bxe5 21. Nxe5 Rbc8 22. c4 Rc5 23. Ng4 Rd2 24. Rfe1 h5 25. Ne5 Nb2 26. Nf3 Rd7 27. Rc2 Nd3 28. Rb1 Nb4 29. Rcb2 e5 30. a3 Nd3 31. Rb5 Rxc4 32. Rxa5 e4 33. Nd2 Rcd4 34. Ra8+ Kg7 35. Nb3 Rb7 36. Nxd4 Rxb1+ 37. Kh2 Nxf2 38. Kg3 e3 39. a4 Rb4 40. Ne2 f5 41. Kf3 Nd3 42. Kxe3 Nc5 43. a5 Re4+ 44. Kd2 Ra4 45. Kc3 Kf6 46. h4 Rxh4 47. Nd4 Ne6 48. Ra6 Ke5 49. Nf3+ Kd5 50. Nxh4 1-0

[Event "Mediterranean-ch 13th"]
[Site "Platja d'Aro"]
[Date "2023.11.05"]
[Round "3"]
[White "Vidal Palou, Jordi"]
[Black "Garcia Rodriguez, Laia"]
[Result "0-1"]
[WhiteElo "1620"]
[BlackElo "1824"]
[PlyCount "84"]
[EventDate "2023.11.04"]
[EventType "swiss"]
[EventRounds "9"]
[EventCountry "ESP"]
[SourceTitle "CB46_2023"]
[SourceDate "2023.11.15"]
[SourceVersion "1"]
[SourceVersionDate "2023.11.15"]
[SourceQuality "1"]

1. d4 d5 2. Bf4 Nf6 3. e3 c5 4. c3 Nc6 5. Bd3 Qb6 6. Qc1 cxd4 7. exd4 Bg4 8. f3 Bh5 9. Na3 a6 10. Nc2 e6 11. Ne2 Bg6 12. Bxg6 hxg6 13. Rb1 Be7 14. Qd2 Rc8 15. Be3 Qc7 16. Bf4 Qd7 17. Ne3 Nh5 18. Ng4 Nxf4 19. Qxf4 b5 20. a3 Bd6 21. Qe3 a5 22. f4 Qe7 23. Ne5 b4 24. cxb4 axb4 25. Rc1 Bxe5 26. fxe5 0-0 27. 0-0 bxa3 28. bxa3 Na5 29. Rf4 Rxc1+ 30. Qxc1 Nc4 31. Rf3 Rb8 32. Nf4 Rb2 33. Nh3 Qb7 34. Qf4 Nd2 35. Qh4 Nxf3+ 36. gxf3 Qc7 37. Nf2 Qc1+ 38. Kg2 g5 39. Qg3 Rb1 40. Kh3 Qxa3 41. Ng4 Qd3 42. Qg2 Qh7+ 0-1

[Event "Mediterranean-ch 13th"]
[Site "Platja d'Aro"]
[Date "2023.11.04"]
[Round "1"]
[White "Vidal Palou, Jordi"]
[Black "Lever, Erwan"]
[Result "0-1"]
[WhiteElo "1620"]
[BlackElo "2174"]
[PlyCount "84"]
[EventDate "2023.11.04"]
[EventType "swiss"]
[EventRounds "9"]
[EventCountry "ESP"]
[SourceTitle "CB46_2023"]
[SourceDate "2023.11.15"]
[SourceVersion "1"]
[SourceVersionDate "2023.11.15"]
[SourceQuality "1"]

1. d4 Nf6 2. Bf4 c5 3. c3 Qb6 4. Bc1 d5 5. e3 g6 6. Nf3 Bg7 7. Be2 0-0 8. 0-0 Rd8 9. Nbd2 Nc6 10. Qb3 c4 11. Qxb6 axb6 12. b3 b5 13. b4 Bf5 14. Bb2 Nd7 15. Nh4 Be6 16. e4 Nb6 17. Bd1 dxe4 18. Nxe4 Bd5 19. Nc5 Ra7 20. a4 bxa4 21. Bxa4 Rda8 22. Bxc6 Bxc6 23. Rxa7 Rxa7 24. Ra1 Rxa1+ 25. Bxa1 Nd5 26. b5 Bxb5 27. Nxb7 e5 28. Nd6 Ba6 29. Nf3 exd4 30. cxd4 f5 31. Ne5 c3 32. g3 c2 33. Bb2 Nc3 34. Ne8 Ne2+ 35. Kg2 c1Q 36. Bxc1 Nxc1 37. f4 Nb3 38. d5 Bb7 39. Nc6 Nd4 40. Nb4 Nb5 41. Kf1 Bc3 42. Nc6 Kf8 0-1

[Event "Platja d'Aro op 9th"]
[Site "Platja d'Aro"]
[Date "2022.12.30"]
[Round "8"]
[White "Vidal Palou, Jordi"]
[Black "Pares Vives, Natalia"]
[Result "0-1"]
[WhiteElo "1624"]
[BlackElo "2213"]
[PlyCount "64"]
[EventDate "2022.12.26"]
[EventType "swiss"]
[EventRounds "9"]
[EventCountry "ESP"]
[SourceTitle "CBM 211 Extra"]
[Source "ChessBase"]
[SourceDate "2023.01.31"]
[SourceVersion "1"]
[SourceVersionDate "2023.01.31"]
[SourceQuality "1"]

1. d4 Nf6 2. Bf4 c5 3. e3 Nd5 4. Bxb8 Rxb8 5. c3 e6 6. Nf3 cxd4 7. exd4 Be7 8. Bc4 Nf6 9. 0-0 b5 10. Bd3 0-0 11. Nbd2 d6 12. Qe2 Bd7 13. Rfe1 Re8 14. Rad1 Qc7 15. Nf1 Bf8 16. Ng3 g6 17. Ng5 e5 18. dxe5 dxe5 19. N5e4 Nxe4 20. Nxe4 Kg7 21. g4 f5 22. gxf5 gxf5 23. Ng5 Qc6 24. Qh5 Qg6 25. Be2 Bc6 26. Qxg6+ Kxg6 27. Nf3 Kf6 28. Nh4 Rb7 29. Bf1 Rg7+ 30. Ng2 Bc5 31. b4 Be7 32. h4 Reg8 0-1

[Event "Platja d'Aro op 9th"]
[Site "Platja d'Aro"]
[Date "2022.12.29"]
[Round "7"]
[White "Valle Luis, Liam"]
[Black "Vidal Palou, Jordi"]
[Result "1/2-1/2"]
[WhiteElo "1503"]
[BlackElo "1624"]
[PlyCount "65"]
[EventDate "2022.12.26"]
[EventType "swiss"]
[EventRounds "9"]
[EventCountry "ESP"]
[SourceTitle "CBM 211 Extra"]
[Source "ChessBase"]
[SourceDate "2023.01.31"]
[SourceVersion "1"]
[SourceVersionDate "2023.01.31"]
[SourceQuality "1"]

1. e4 e5 2. Nf3 d6 3. Nc3 Nf6 4. Bc4 Be7 5. d3 c6 6. Bg5 0-0 7. Bxf6 Bxf6 8. Qd2 b5 9. Bb3 a5 10. a4 b4 11. Ne2 Be6 12. Bxe6 fxe6 13. 0-0 d5 14. c3 c5 15. Rfd1 Nc6 16. b3 d4 17. c4 Ne7 18. Ng3 Ng6 19. Nh5 Qe8 20. Nxf6+ Rxf6 21. Qg5 h6 22. Qh5 Qb8 23. g3 Qc7 24. Nh4 Nxh4 25. Qxh4 Raf8 26. Rf1 Rf3 27. Rad1 Qf7 28. Rd2 Kh7 29. Kg2 g5 30. Qg4 Kg6 31. h4 Qf6 32. h5+ Kg7 33. Kg1 1/2-1/2

[Event "Platja d'Aro op 9th"]
[Site "Platja d'Aro"]
[Date "2022.12.29"]
[Round "6"]
[White "Villalba Pons, Guillem"]
[Black "Vidal Palou, Jordi"]
[Result "1/2-1/2"]
[WhiteElo "1619"]
[BlackElo "1624"]
[PlyCount "49"]
[EventDate "2022.12.26"]
[EventType "swiss"]
[EventRounds "9"]
[EventCountry "ESP"]
[SourceTitle "CBM 211 Extra"]
[Source "ChessBase"]
[SourceDate "2023.01.31"]
[SourceVersion "1"]
[SourceVersionDate "2023.01.31"]
[SourceQuality "1"]

1. d4 d5 2. Nf3 Nf6 3. e3 e6 4. Bd3 Bd6 5. 0-0 0-0 6. b3 c5 7. Bb2 cxd4 8. exd4 b6 9. c4 dxc4 10. bxc4 Ba6 11. Nbd2 Bb7 12. Qe2 Nbd7 13. Ne5 Re8 14. Ne4 Nxe4 15. Bxe4 Bxe4 16. Qxe4 Nxe5 17. dxe5 Bc5 18. Rad1 Qc7 19. Qg4 Rad8 20. Rxd8 Rxd8 21. Rd1 a5 22. Rxd8+ Qxd8 23. Qe2 Qd7 24. Qc2 a4 25. Bc3 1/2-1/2

[Event "Platja d'Aro op 9th"]
[Site "Platja d'Aro"]
[Date "2022.12.28"]
[Round "4"]
[White "Alvarez Serra, Jordi"]
[Black "Vidal Palou, Jordi"]
[Result "0-1"]
[WhiteElo "1860"]
[BlackElo "1624"]
[PlyCount "40"]
[EventDate "2022.12.26"]
[EventType "swiss"]
[EventRounds "9"]
[EventCountry "ESP"]
[SourceTitle "CBM 211 Extra"]
[Source "ChessBase"]
[SourceDate "2023.01.31"]
[SourceVersion "1"]
[SourceVersionDate "2023.01.31"]
[SourceQuality "1"]

1. d4 d5 2. Bg5 Nf6 3. Bxf6 exf6 4. e3 c5 5. c3 cxd4 6. cxd4 Qb6 7. Qc1 Bb4+ 8. Nc3 0-0 9. a3 Bxc3+ 10. Qxc3 Bf5 11. Rc1 Nd7 12. Nf3 Rfc8 13. Qd2 Qb3 14. Nh4 Be4 15. f3 Rxc1+ 16. Qxc1 Bc2 17. g3 Nb6 18. Kf2 Rc8 19. Be2 Bd3 20. Qd1 Rc2 0-1

[Event "Platja d'Aro op 9th"]
[Site "Platja d'Aro"]
[Date "2022.12.28"]
[Round "5"]
[White "Vidal Palou, Jordi"]
[Black "Vila I Bague, Arnau"]
[Result "0-1"]
[WhiteElo "1624"]
[BlackElo "1824"]
[PlyCount "74"]
[EventDate "2022.12.26"]
[EventType "swiss"]
[EventRounds "9"]
[EventCountry "ESP"]
[SourceTitle "CBM 211 Extra"]
[Source "ChessBase"]
[SourceDate "2023.01.31"]
[SourceVersion "1"]
[SourceVersionDate "2023.01.31"]
[SourceQuality "1"]

1. d4 d5 2. Bf4 c5 3. e3 Nc6 4. c3 Nf6 5. Bd3 Qb6 6. Qc2 c4 7. Be2 Bf5 8. Qc1 e6 9. Nd2 Be7 10. Ngf3 Nh5 11. Bg5 Bxg5 12. Nxg5 Nf6 13. e4 Bg6 14. e5 Nd7 15. Nh3 h6 16. Nf4 Bh7 17. Bd1 0-0 18. Bc2 Bxc2 19. Qxc2 Qd8 20. Nf3 b5 21. a3 a5 22. 0-0 b4 23. b3 cxb3 24. Qxb3 a4 25. Qb2 b3 26. c4 dxc4 27. d5 exd5 28. Nxd5 Ndxe5 29. Nxe5 Qxd5 30. Nxc6 Qxc6 31. Rac1 Rac8 32. Rc3 Rfd8 33. Rfc1 Qd6 34. h3 Qd2 35. Qb1 b2 36. R3c2 bxc1Q+ 37. Rxc1 Rb8 0-1

[Event "Platja d'Aro op 9th"]
[Site "Platja d'Aro"]
[Date "2022.12.27"]
[Round "3"]
[White "Vidal Palou, Jordi"]
[Black "Villar Reymundo, Juan Antonio"]
[Result "0-1"]
[WhiteElo "1624"]
[BlackElo "2135"]
[PlyCount "76"]
[EventDate "2022.12.26"]
[EventType "swiss"]
[EventRounds "9"]
[EventCountry "ESP"]
[SourceTitle "CBM 211 Extra"]
[Source "ChessBase"]
[SourceDate "2023.01.31"]
[SourceVersion "1"]
[SourceVersionDate "2023.01.31"]
[SourceQuality "1"]

1. d4 g6 2. Bf4 Bg7 3. Nc3 d6 4. Nf3 a6 5. e4 b5 6. Qd2 Bb7 7. Rd1 Nd7 8. Qe3 Ngf6 9. h3 b4 10. e5 bxc3 11. exf6 Nxf6 12. Qxc3 Nd5 13. Qd2 Nxf4 14. Qxf4 0-0 15. Bd3 c5 16. 0-0 cxd4 17. Bc4 a5 18. h4 e5 19. Qg3 Qc7 20. Bxf7+ Qxf7 21. Ng5 Qc4 22. h5 gxh5 23. Qh3 h6 24. Nf3 Bxf3 25. gxf3 Qf7 26. Rd3 Kh8 27. Kh1 Qf5 28. Qg3 Bf6 29. Qh2 Rg8 30. Rg1 Rxg1+ 31. Kxg1 Qg5+ 32. Kf1 Qc1+ 33. Ke2 Qxc2+ 34. Rd2 Qc4+ 35. Kd1 Rc8 36. Qg2 Bg5 37. f4 Bxf4 38. Qh3 Qc1+ 0-1

[Event "Girona Gerunda op"]
[Site "Girona"]
[Date "2022.04.29"]
[Round "2"]
[White "Vidal Palou, Jordi"]
[Black "Nunez Colome, David"]
[Result "0-1"]
[WhiteElo "1659"]
[BlackElo "1993"]
[PlyCount "108"]
[EventDate "2022.04.22"]
[EventType "swiss"]
[EventRounds "8"]
[EventCountry "ESP"]
[SourceTitle "EXT 2023"]
[Source "ChessBase"]
[SourceDate "2022.10.05"]
[SourceVersion "1"]
[SourceVersionDate "2022.10.05"]
[SourceQuality "1"]

1. d4 e6 2. e4 d5 3. exd5 exd5 4. Nf3 Nf6 5. Bd3 Bd6 6. 0-0 0-0 7. Bg5 Bg4 8. Nbd2 Nbd7 9. c3 c6 10. Re1 Qc7 11. Qc2 Rfe8 12. b4 a6 13. h3 Bh5 14. Kf1 Bg6 15. Bxg6 hxg6 16. Rxe8+ Rxe8 17. Re1 Rxe1+ 18. Kxe1 Nh5 19. Nf1 Nf4 20. Bxf4 Bxf4 21. Qe2 Nf6 22. N1d2 Kf8 23. Ne5 Nd7 24. Ndf3 Nxe5 25. Nxe5 Bxe5 26. Qxe5 Qxe5+ 27. dxe5 g5 28. Ke2 b6 29. Ke3 c5 30. a3 Ke7 31. f4 Ke6 32. g4 gxf4+ 33. Kxf4 g5+ 34. Kxg5 Kxe5 35. h4 f6+ 36. Kg6 d4 37. h5 dxc3 38. h6 c2 39. h7 c1Q 40. h8Q Qc2+ 41. Kf7 Qc4+ 42. Kf8 Qxg4 43. Qh2+ Kd5 44. Qd2+ Qd4 45. Qg2+ Kd6 46. Qg3+ Kc6 47. Qb3 Qd6+ 48. Kg7 Qe7+ 49. Kh8 Qe5 50. Qa4+ Kb7 51. bxc5 f5+ 52. Kh7 Qxc5 53. Kh8 Qc3+ 54. Kh7 Qh3+ 0-1

[Event "Figueres Region-ch"]
[Site "Figueres	"]
[Date "2021.11.27"]
[Round "9"]
[White "Vidal Palou, Jordi"]
[Black "Urbano Cabrera, Moises"]
[Result "0-1"]
[WhiteElo "1624"]
[BlackElo "1737"]
[PlyCount "82"]
[EventDate "2021.09.25"]
[EventType "swiss"]
[EventRounds "9"]
[EventCountry "ESP"]
[SourceTitle "EXT 2023"]
[Source "ChessBase"]
[SourceDate "2022.10.05"]
[SourceVersion "1"]
[SourceVersionDate "2022.10.05"]
[SourceQuality "1"]

1. d4 d5 2. Nf3 Nf6 3. Bf4 c5 4. c3 Nc6 5. e3 Qb6 6. Qc1 Bf5 7. Be2 e6 8. 0-0 h6 9. Nbd2 Rc8 10. Ne5 cxd4 11. Nxc6 Rxc6 12. exd4 Be7 13. Bd1 0-0 14. Be5 Rcc8 15. Bc2 Bxc2 16. Qxc2 Nd7 17. Nf3 Nxe5 18. dxe5 Qc7 19. Rfd1 b5 20. Qd3 b4 21. Rac1 Rfd8 22. h3 Qa5 23. Qb1 bxc3 24. bxc3 Rxc3 25. Rxc3 Qxc3 26. Qb7 Bc5 27. a4 Qc2 28. Rd2 Qxa4 29. Rb2 Bb6 30. Rd2 Qc4 31. Qe7 Rc8 32. Qd7 Qc6 33. Qe7 Bc5 34. Qh4 a5 35. Rc2 Qb5 36. Kh2 Rb8 37. g4 a4 38. g5 Be7 39. Qg4 hxg5 40. Rc7 Qb4 41. Rc8+ Rxc8 0-1

[Event "Figueres Region-ch"]
[Site "Figueres	"]
[Date "2021.11.06"]
[Round "6"]
[White "Camprubi Juanola, Jordi"]
[Black "Vidal Palou, Jordi"]
[Result "1/2-1/2"]
[WhiteElo "1661"]
[BlackElo "1624"]
[PlyCount "36"]
[EventDate "2021.09.25"]
[EventType "swiss"]
[EventRounds "9"]
[EventCountry "ESP"]
[SourceTitle "EXT 2023"]
[Source "ChessBase"]
[SourceDate "2022.10.05"]
[SourceVersion "1"]
[SourceVersionDate "2022.10.05"]
[SourceQuality "1"]

1. e4 e5 2. Nf3 Nc6 3. d3 f5 4. Qe2 fxe4 5. dxe4 Nf6 6. g3 Be7 7. Bg2 d6 8. Qc4 d5 9. exd5 Qxd5 10. Qxd5 Nxd5 11. Nxe5 Nxe5 12. Bxd5 c6 13. Bg2 Bf5 14. f4 Nc4 15. c3 Bd3 16. b3 Nb6 17. Kf2 0-0-0 18. Re1 Bf6 1/2-1/2

[Event "Figueres Region-ch"]
[Site "Figueres	"]
[Date "2021.10.02"]
[Round "2"]
[White "Clot Chico, Arnau"]
[Black "Vidal Palou, Jordi"]
[Result "1-0"]
[WhiteElo "2032"]
[BlackElo "1624"]
[PlyCount "103"]
[EventDate "2021.09.25"]
[EventType "swiss"]
[EventRounds "9"]
[EventCountry "ESP"]
[SourceTitle "EXT 2023"]
[Source "ChessBase"]
[SourceDate "2022.10.05"]
[SourceVersion "1"]
[SourceVersionDate "2022.10.05"]
[SourceQuality "1"]

1. e4 c5 2. Nf3 Nc6 3. c3 e5 4. Bb5 d6 5. 0-0 Bg4 6. h3 Bh5 7. d3 Nf6 8. Re1 Be7 9. Nbd2 0-0 10. Nf1 Nd7 11. Ng3 Bg6 12. Bc4 Kh8 13. d4 f5 14. exf5 Bxf5 15. Nxf5 Rxf5 16. Be6 Rf8 17. Bxd7 Qxd7 18. dxe5 d5 19. e6 Qd6 20. Bg5 Rf5 21. Bxe7 Nxe7 22. Re3 Raf8 23. Qe2 Qf4 24. Re5 Rxe5 25. Qxe5 Qxe5 26. Nxe5 Rf6 27. Re1 b6 28. g3 Kg8 29. Nd7 Rg6 30. Re3 h6 31. Kg2 d4 32. cxd4 cxd4 33. Rf3 Rxe6 34. Rf8+ Kh7 35. Re8 Re1 36. Nf8+ Kg8 37. Ng6+ Kf7 38. Rxe7+ Rxe7 39. Nxe7 Kxe7 40. Kf3 Kd6 41. Ke4 Kc5 42. f4 Kc4 43. g4 a5 44. g5 hxg5 45. fxg5 b5 46. h4 b4 47. h5 a4 48. h6 gxh6 49. g6 a3 50. g7 axb2 51. g8Q+ Kc3 52. Qb3+ 1-0

[Event "Girona Gerunda op"]
[Site "Girona"]
[Date "2021.07.21"]
[Round "5"]
[White "Vidal Palou, Jordi"]
[Black "Pino Jacomet, Arnau"]
[Result "1/2-1/2"]
[WhiteElo "1882"]
[BlackElo "1795"]
[PlyCount "54"]
[EventDate "2021.07.19"]
[EventType "swiss"]
[EventRounds "9"]
[EventCountry "ESP"]
[SourceTitle "EXT 2022"]
[Source "ChessBase"]
[SourceDate "2021.10.06"]
[SourceVersion "1"]
[SourceVersionDate "2021.10.06"]
[SourceQuality "1"]

1. d4 d5 2. Nf3 e6 3. Bf4 Nf6 4. e3 Bd6 5. Bxd6 Qxd6 6. Bd3 b6 7. Nbd2 Ba6 8. Qe2 Bxd3 9. Qxd3 0-0 10. 0-0 Nbd7 11. e4 dxe4 12. Nxe4 Nxe4 13. Qxe4 Nf6 14. Qh4 Qb4 15. Rab1 Qa4 16. c3 Qxa2 17. Ne5 Qd5 18. Rbe1 Qd8 19. Qh3 Qd6 20. f4 c5 21. Rf3 cxd4 22. Qh4 dxc3 23. bxc3 Rad8 24. Rg3 Qd2 25. Rxg7+ Kxg7 26. Qg5+ Kh8 27. Qxf6+ Kg8 1/2-1/2

[Event "Sant Gregori op 4th"]
[Site "Sant Gregori"]
[Date "2019.07.09"]
[Round "2.12"]
[White "Martin Mansilla, Josep Antoni"]
[Black "Vidal Palou, Jordi"]
[Result "0-1"]
[WhiteElo "1493"]
[BlackElo "1616"]
[PlyCount "40"]
[EventDate "2019.07.08"]
[EventType "swiss"]
[EventRounds "7"]
[EventCountry "ESP"]
[SourceTitle "EXT 2024"]
[Source "ChessBase"]
[SourceDate "2023.10.10"]
[SourceVersion "1"]
[SourceVersionDate "2023.10.10"]
[SourceQuality "1"]

1. e4 d5 2. exd5 Qxd5 3. Nc3 Qd8 4. Nf3 Bf5 5. d4 e6 6. a3 Nf6 7. Bc4 c6 8. Bd2 Bd6 9. Qe2 0-0 10. Bg5 Nbd7 11. 0-0-0 a5 12. Ne4 Bxe4 13. Ne5 Qc7 14. Nxd7 Bf4+ 15. Bxf4 Qxf4+ 16. Kb1 Nxd7 17. Rhe1 Bg6 18. Bxe6 Rae8 19. Qc4 fxe6 20. Rxe6 Bf7 0-1

[Event "Sant Gregori op 4th"]
[Site "Sant Gregori"]
[Date "2019.07.08"]
[Round "1.1"]
[White "Vidal Palou, Jordi"]
[Black "Colls Gelaberto, Emilio"]
[Result "0-1"]
[WhiteElo "1616"]
[BlackElo "2102"]
[PlyCount "41"]
[EventDate "2019.07.08"]
[EventType "swiss"]
[EventRounds "7"]
[EventCountry "ESP"]
[SourceTitle "EXT 2024"]
[Source "ChessBase"]
[SourceDate "2023.10.10"]
[SourceVersion "1"]
[SourceVersionDate "2023.10.10"]
[SourceQuality "1"]

1. d4 Nf6 2. Nf3 g6 3. Bf4 Bg7 4. e3 0-0 5. Be2 d6 6. 0-0 Nfd7 7. c3 e5 8. Bg5 Qe8 9. e4 exd4 10. Nxd4 Qxe4 11. Nd2 Qd5 12. N2f3 Ne5 13. Qc1 Nbc6 14. Qf4 Nxf3+ 15. Bxf3 Nxd4 16. cxd4 Qxd4 17. Qg3 Be5 18. Be3 Qxe3 19. fxe3 Bxg3 20. hxg3 c6 21. Rfd1 0-1

[Event "Platja d'Aro op-B 7th"]
[Site "Platja d'Aro"]
[Date "2019.06.30"]
[Round "8"]
[White "Costa Trave, Jaume"]
[Black "Vidal Palou, Jordi"]
[Result "1-0"]
[WhiteElo "1900"]
[BlackElo "1632"]
[PlyCount "109"]
[EventDate "2019.06.24"]
[EventType "swiss"]
[EventRounds "9"]
[EventCountry "ESP"]
[SourceTitle "CBM 191 Extra"]
[Source "ChessBase"]
[SourceDate "2019.09.30"]
[SourceVersion "1"]
[SourceVersionDate "2019.09.30"]
[SourceQuality "1"]

1. f4 d5 2. Nf3 g6 3. e3 Bg7 4. d4 Nf6 5. Bd3 0-0 6. 0-0 c5 7. Qd2 b6 8. b4 cxb4 9. Qxb4 Ba6 10. Ba3 Bxd3 11. cxd3 Nc6 12. Qd2 Re8 13. Nc3 e6 14. Ng5 Bf8 15. Bb2 h6 16. Nf3 Bb4 17. a3 Ba5 18. Ne5 Rc8 19. Rac1 a6 20. Qf2 Bxc3 21. Rxc3 Ne7 22. Rfc1 Rxc3 23. Rxc3 Nd7 24. g4 Nxe5 25. dxe5 Qd7 26. d4 Rc8 27. Qc2 Rxc3 28. Qxc3 Qc6 29. Kf2 Qxc3 30. Bxc3 Nc6 31. Ke2 Kg7 32. Kd3 f5 33. exf6+ Kxf6 34. e4 Ne7 35. Bb4 dxe4+ 36. Kxe4 Nc6 37. Bf8 h5 38. g5+ Kf7 39. Bd6 Ke8 40. d5 exd5+ 41. Kxd5 Kd7 42. Bf8 a5 43. h3 b5 44. Bg7 b4 45. a4 b3 46. Bb2 Ne7+ 47. Ke5 Ng8 48. f5 gxf5 49. Kxf5 Ne7+ 50. Kf6 Nd5+ 51. Kf7 Nf4 52. g6 Nxh3 53. g7 Ng5+ 54. Kg6 Ne6 55. g8Q 1-0

[Event "Platja d'Aro op-B 7th"]
[Site "Platja d'Aro"]
[Date "2019.06.26"]
[Round "3"]
[White "Lobato Lavin, Alvaro"]
[Black "Vidal Palou, Jordi"]
[Result "1-0"]
[WhiteElo "1872"]
[BlackElo "1632"]
[PlyCount "115"]
[EventDate "2019.06.24"]
[EventType "swiss"]
[EventRounds "9"]
[EventCountry "ESP"]
[SourceTitle "CBM 191 Extra"]
[Source "ChessBase"]
[SourceDate "2019.09.30"]
[SourceVersion "1"]
[SourceVersionDate "2019.09.30"]
[SourceQuality "1"]

1. e4 d5 2. exd5 Qxd5 3. Nc3 Qd8 4. d4 c6 5. Nf3 Bf5 6. Bc4 e6 7. 0-0 Nf6 8. Bf4 Be7 9. Ne5 0-0 10. a3 Nbd7 11. Re1 Nd5 12. Nxd5 cxd5 13. Bd3 Bxd3 14. Qxd3 Nxe5 15. Bxe5 Bf6 16. Re3 Bxe5 17. dxe5 Qg5 18. Rae1 Rac8 19. c3 Qg6 20. Qd2 Qg5 21. Qd4 b6 22. f4 Qf5 23. g3 Rc4 24. Qd3 Qg4 25. Rf1 Rfc8 26. Ref3 g6 27. Kg2 a5 28. h3 Qh5 29. g4 Qh6 30. f5 gxf5 31. gxf5 Kh8 32. Rg3 Rg8 33. Rxg8+ Kxg8 34. fxe6 fxe6 35. Rf6 Qg5+ 36. Qg3 Qxg3+ 37. Kxg3 Rc6 38. Kf4 Kg7 39. Ke3 b5 40. Kd3 a4 41. Rf4 Kg6 42. Rb4 Rb6 43. b3 axb3 44. a4 Kf5 45. Kd4 Rc6 46. axb5 Rc4+ 47. Kd3 Kxe5 48. Rxb3 Rh4 49. b6 Rxh3+ 50. Ke2 Rg3 51. b7 Rg8 52. b8Q+ Rxb8 53. Rxb8 Ke4 54. Rh8 e5 55. Rxh7 d4 56. cxd4 exd4 57. Re7+ Kd5 58. Kd3 1-0

[Event "Girona Gerunda Sarria Ter4th"]
[Site "Girona"]
[Date "2019.04.12"]
[Round "3.9"]
[White "Garriga Roca, Pere"]
[Black "Vidal Palou, Jordi"]
[Result "1/2-1/2"]
[WhiteElo "1648"]
[BlackElo "1660"]
[PlyCount "75"]
[EventDate "2019.03.29"]
[EventType "swiss"]
[EventRounds "9"]
[EventCountry "ESP"]
[SourceTitle "EXT 2024"]
[Source "ChessBase"]
[SourceDate "2023.10.10"]
[SourceVersion "1"]
[SourceVersionDate "2023.10.10"]
[SourceQuality "1"]

1. e4 d5 2. exd5 Qxd5 3. Nc3 Qd8 4. Nf3 Nf6 5. d4 Bg4 6. Be2 e6 7. a3 Be7 8. h3 Bh5 9. Be3 c6 10. Qd2 Nbd7 11. g4 Bg6 12. 0-0-0 Ne4 13. Nxe4 Bxe4 14. Rhg1 Bxf3 15. Bxf3 Qc7 16. Be2 Nb6 17. Bf4 Qd7 18. Qe3 Nd5 19. Qf3 Nxf4 20. Qxf4 Qd6 21. Qxd6 Bxd6 22. c3 0-0-0 23. Kc2 Kc7 24. Bd3 c5 25. dxc5 Bxc5 26. Rgf1 h6 27. f3 f6 28. Be4 b6 29. Rxd8 Rxd8 30. b4 Be7 31. a4 Rd6 32. b5 e5 33. Rf2 Rd8 34. Rd2 Rxd2+ 35. Kxd2 Kd6 36. c4 Kc5 37. Kc3 g5 38. Bf5 1/2-1/2

[Event "Figueres op 8th"]
[Site "Figueres"]
[Date "2018.12.29"]
[Round "6.6"]
[White "Pereira Garcia, Josep Ramon"]
[Black "Vidal Palou, Jordi"]
[Result "1-0"]
[WhiteElo "1628"]
[BlackElo "1670"]
[PlyCount "61"]
[EventDate "2018.12.27"]
[EventType "swiss"]
[EventRounds "8"]
[EventCountry "ESP"]
[SourceTitle "EXT 2024"]
[Source "ChessBase"]
[SourceDate "2023.10.10"]
[SourceVersion "1"]
[SourceVersionDate "2023.10.10"]
[SourceQuality "1"]

1. d4 d5 2. c4 c6 3. Nf3 Bg4 4. Ne5 Bh5 5. g4 Bg6 6. Nc3 e6 7. e3 Nd7 8. Nxg6 hxg6 9. cxd5 exd5 10. Bg2 Ngf6 11. 0-0 Bd6 12. h3 Qc7 13. Re1 0-0-0 14. Bd2 Nb6 15. Nb5 Qb8 16. Rc1 Ne4 17. Ba5 Bh2+ 18. Kf1 Nxf2 19. Kxf2 Qg3+ 20. Kf1 Bg1 21. Qf3 Qh2 22. Nxa7+ Kb8 23. Bxb6 Bxe3 24. Qxe3 Rdf8 25. Qe5+ Qxe5 26. Rxe5 f5 27. gxf5 gxf5 28. Rc3 g5 29. Re7 f4 30. Ra3 Rh5 31. Bc7+ 1-0

[Event "Santa Eugenia op 13th"]
[Site "Santa Eugenia"]
[Date "2018.08.02"]
[Round "8"]
[White "Vidal Palou, Jordi"]
[Black "Gallardo Gonzalez, Rafael"]
[Result "1-0"]
[WhiteElo "1669"]
[BlackElo "1501"]
[PlyCount "109"]
[EventDate "2018.07.30"]
[EventType "swiss"]
[EventRounds "9"]
[EventCountry "ESP"]
[SourceTitle "CBM 185 Extra"]
[Source "ChessBase"]
[SourceDate "2018.07.29"]
[SourceVersion "1"]
[SourceVersionDate "2018.07.29"]
[SourceQuality "1"]

1. d4 Nf6 2. Nf3 d5 3. Bf4 g6 4. e3 Bg7 5. Bd3 0-0 6. 0-0 Nbd7 7. Nbd2 c5 8. c3 Re8 9. Re1 cxd4 10. exd4 Nf8 11. Nf1 Qb6 12. Qd2 Ne6 13. Bg3 Nh5 14. Rab1 Nxg3 15. Nxg3 Qd6 16. Bb5 Rf8 17. Ne5 a6 18. Ba4 f6 19. Nd3 b5 20. Bc2 Bd7 21. h4 Be8 22. Re2 Bf7 23. Rbe1 Rae8 24. h5 Ng5 25. Nc5 e5 26. hxg6 hxg6 27. b4 Bh6 28. Qd1 e4 29. a4 Ne6 30. axb5 axb5 31. Bb3 Kg7 32. Ra2 Nxc5 33. bxc5 Qf4 34. Ne2 Qh4 35. Ra7 Rd8 36. c6 Rh8 37. Qa1 e3 38. Rxf7+ Kxf7 39. Qa7+ Ke8 40. Ng3 Bf4 41. c7 Rc8 42. Bxd5 Kd7 43. Bc6+ Kxc6 44. Qc5+ Kd7 45. Qxb5+ Kxc7 46. Qc4+ Kd7 47. Qf7+ Kc6 48. d5+ Kc5 49. Ne4+ Kc4 50. d6+ Kd3 51. Qd5+ Kc2 52. Qd1+ Kb2 53. Qb1+ Ka3 54. Qb4+ Ka2 55. Re2+ 1-0